UGC Net/Jrf/Set Teaching And Research Aptitude: (Record no. 324329)

MARC details
000 -LEADER
fixed length control field 00456nam a2200157Ia 4500
008 - FIXED-LENGTH DATA ELEMENTS--GENERAL INFORMATION
fixed length control field 230718s9999 xx 000 0 und d
041 ## - LANGUAGE CODE
Language code of text/sound track or separate title eng
082 ## - DEWEY DECIMAL CLASSIFICATION NUMBER
Classification number 378.112
Item number LAL
100 ## - MAIN ENTRY--PERSONAL NAME
Personal name Lal
245 ## - TITLE STATEMENT
Title UGC Net/Jrf/Set Teaching And Research Aptitude:
Remainder of title General Paper-1
260 ## - PUBLICATION, DISTRIBUTION, ETC. (IMPRINT)
Date of publication, distribution, etc. 2010
Name of publisher, distributor, etc. Upkar Prakashan
300 ## - PHYSICAL DESCRIPTION
Extent 387
365 ## - TRADE PRICE
Currency code Rs.
Price amount 235.00
700 ## - ADDED ENTRY--PERSONAL NAME
Personal name Lal; Jain & Vashistha K.C.
906 ## - LOCAL DATA ELEMENT F, LDF (RLIN)
d O:0063126-Feb-2010B:291806-Feb-2010
c GENRL
b 352.5
Holdings
Withdrawn status Lost status Damaged status Not for loan Home library Current library Date acquired Vendor Budget Code Cost, normal purchase price Bill number Total Checkouts Full call number Barcode Date last seen Discount Cost, replacement price Bill Date Koha item type Original Barcode
        Cummins College of Engineering for Women Pune Cummins College of Engineering for Women Pune 26/02/2010 Om Book Stall GENRL 199.75 2918   378.112 CCEP-BK-35536 18/07/2023 352.5 235.00 06/02/2010 Books 035536